000 00564nam a22001697a 4500
003 BD-ChCU
005 20260107093913.0
008 260107b bg ||||| |||| 00| 0 ben d
040 _cBD-ChCU
082 _a৮১৩.৮ ইস ৬৯ প
100 _a ইসহাক ,আবু
_918723
245 _aপদ্মার পলিদ্বীপ /
_cআবু ইসহাক
260 _aঢাকা:
_bমক্তধারা,
_c১৯৮৬
300 _a৩৪০পৃ.
650 0 _aবাংলা উপন্যাস
_918724
942 _2ddc
_cBK
_n0
999 _c110762
_d110762